000 01060nam0a22002651 4500
001 rc\3368129
005 20260407142142.0
021 _aRU
_bРг9909-69
021 _aRU
_b69-73899
035 _a(NLR Aleph) 007445823
090 _a7163961
_c7163961
100 _a20130115g19681969|||y0rusy50 ca
101 0 _arus
102 _aRU
105 _aa b |||||
200 1 _aИскатель повреждений скрытой проводки ИПСП
_eТехн. описание
_eЧертежи и схемы
_eVIII-52
_fРСФСР. М-во сел. строительства. Проектно-технол. ин-т "Росгипрооргсельстрой"
210 _aМосква
_cБ. и.
_d1968 (обл. 1969)
215 _a[1], 35 с.
_cчерт.
_d21
309 _aОтпеч. множит. аппаратом
712 0 2 _a"Росгипрооргсельстрой", институт
_cМосква
_3RU\NLR\AUTH\8810011413
_9520533
801 0 _aRU
_bNLR
_gpsbo
801 1 _aRU
_bELAR
_2rusmarc
852 _aNLR
_j69-4/25634
942 _cBOOK
980 _aNB